000 01261nam0a22002771 4500
001 rc\4356429
005 20250612055950.0
021 _aRU
_b[64-50228]
035 _a(NLR Aleph) 008532246
090 _a8295053
_c8295053
100 _a20130416d1964 |||y0rusy50 ca
101 0 _arus
102 _aRU
105 _aa z |||||
200 1 _aФизические основы теории процесса сушки древесины
_fО-во "Знание" УССР. Киевский дом науч.-техн. пропаганды. Заоч. семинар "Интенсификация процессов сушки древесины"
210 _aКиев
_cБ. и.
_d1964
215 _a27 с.
_cчерт.
_d20
300 _aНа обл. только загл. серии: Заоч. семинар "Интенсификация и улучшение качества процесса сушки древесины"
300 _aАвт. указан в конце книги: канд. техн. наук Гей Н.Н.
606 _aДревесина
_xСушка
_2psbo
700 1 _aГей
_bН.Н.
_gНина Николаевна
801 0 _aRU
_bNLR
_gpsbo
801 1 _aRU
_bELAR
_2rusmarc
852 _aNLR
_j64-4/11332
942 _cBOOK
980 _aNB